Consulta de los sabios sobre la aproximación de la segunda venida de Nuestro Señor Jesucristo.

Detalles Bibliográficos
Formato: Libro
Publicado: Toluca 1835
Materias:
Colección:Banco de datos
Acervo:Biblioteca del Museo Regional de Querétaro. INAH. Querétaro
Tema general:Ascética
Notas:Buena. 4J6, 9
LEADER 00660nam a22001810004500
035 |a 25060 
036 |a 911 
245 1 0 |a Consulta de los sabios sobre la aproximación de la segunda venida de Nuestro Señor Jesucristo. 
260 |a Toluca  |b Imprenta del Edo. imp.  |c 1835 
500 |a Buena. 4J6, 9 
650 1 0 |a Ascética 
949 |a C.R.Q. 
959 |a Ex convento Grande de San Francisco de la ciudad de Querétaro, Museo Regional de Querétaro  |b CCC2 
960 |a Convento de San Diego de la ciudad de México  |b DD99 
961 |a Franciscana  |b OF 
942 |c C.R.Q. 
943 |g Biblioteca del Museo Regional de Querétaro. INAH. Querétaro 
999 |c 981376  |d 981376